[Event "Novokuznetsk Old Stager op"]
[Site "Novokuznetsk"]
[Date "2015.01.24"]
[Round "4"]
[White "Leonov, Aleksandr"]
[Black "Chernyh, Pavel"]
[Result "1-0"]
[WhiteElo "2088"]
[BlackElo "1879"]
[PlyCount "107"]
[EventDate "2015.01.10"]
[EventType "swiss"]
[EventRounds "9"]
[EventCountry "RUS"]
[SourceTitle "EXT 2018"]
[Source "ChessBase"]
[SourceDate "2017.10.13"]
[SourceVersion "1"]
[SourceVersionDate "2017.10.13"]
[SourceQuality "1"]

1. e4 c5 2. f4 d6 3. Nf3 Nf6 4. Nc3 g6 5. d4 cxd4 6. Nxd4 Bg7 7. Be2 0-0 8. Be3 a6 9. 0-0 b5 10. a3 e5 11. fxe5 dxe5 12. Nf3 Ng4 13. Bc5 Re8 14. Qxd8 Rxd8 15. h3 Nh6 16. a4 Nd7 17. Be7 Re8 18. Bg5 b4 19. Nd5 Rb8 20. Nc7 Bb7 21. Nxe8 Rxe8 22. Be3 f5 23. Rad1 Nf6 24. exf5 Nxf5 25. Bg5 Ne4 26. Rd7 Bc6 27. Rc7 Bd5 28. Bxa6 Neg3 29. Rd1 Be6 30. Bb5 Rf8 31. Be7 Nxe7 32. Rxe7 Bf5 33. Bc4+ Kh8 34. Nxe5 h6 35. Bd3 Bxd3 36. Rxd3 Rf1+ 37. Kh2 Nf5 38. Re8+ Kh7 39. Nf3 Bxb2 40. Re1 Rf2 41. Rd2 Rxd2 42. Nxd2 Bc3 43. Re2 Nd4 44. Re7+ Kg8 45. Ne4 Kf8 46. Rc7 Bb2 47. a5 Ne6 48. Rb7 Be5+ 49. g3 Nd4 50. a6 Nc6 51. a7 Nxa7 52. Rxa7 g5 53. Kg2 Ke8 54. Kf3 1-0

[Event "Novokuznetsk op"]
[Site "Novokuznetsk"]
[Date "2013.08.18"]
[Round "8"]
[White "Tyatyushkin, Danil"]
[Black "Chernyh, Pavel"]
[Result "0-1"]
[WhiteElo "1831"]
[BlackElo "1870"]
[PlyCount "66"]
[EventDate "2013.08.11"]
[EventType "swiss"]
[EventRounds "9"]
[EventCountry "RUS"]
[SourceTitle "CBM 156 Extra"]
[Source "ChessBase"]
[SourceDate "2013.10.22"]
[SourceVersion "1"]
[SourceVersionDate "2013.10.22"]
[SourceQuality "1"]

1. e4 c5 2. c3 d6 3. d4 cxd4 4. cxd4 Nf6 5. Nc3 g6 6. Nf3 Bg7 7. Bc4 e6 8. Bg5 h6 9. Bh4 g5 10. Bg3 0-0 11. h4 g4 12. Nh2 h5 13. f3 gxf3 14. gxf3 Qb6 15. b3 Nc6 16. Bf2 Qa5 17. Qd2 e5 18. Rg1 exd4 19. Bxd4 Nxd4 20. Qxd4 Ng4 21. b4 Bxd4 22. bxa5 Bxc3+ 23. Ke2 Bxa1 24. fxg4 Bd4 25. Rg2 hxg4 26. Nxg4 Bxg4+ 27. Rxg4+ Kh8 28. Rg5 Rae8 29. Kf3 Re5 30. Rg4 f5 31. exf5 Rfxf5+ 32. Kg3 Re3+ 33. Kg2 Bg7 0-1

[Event "Novokuznetsk op"]
[Site "Novokuznetsk"]
[Date "2013.08.15"]
[Round "5"]
[White "Tsvetkov, Yury"]
[Black "Chernyh, Pavel"]
[Result "1-0"]
[WhiteElo "1674"]
[BlackElo "1870"]
[PlyCount "85"]
[EventDate "2013.08.11"]
[EventType "swiss"]
[EventRounds "9"]
[EventCountry "RUS"]
[SourceTitle "CBM 156 Extra"]
[Source "ChessBase"]
[SourceDate "2013.10.22"]
[SourceVersion "1"]
[SourceVersionDate "2013.10.22"]
[SourceQuality "1"]

1. e4 c5 2. Nc3 Nc6 3. f4 g6 4. d3 Bg7 5. Nf3 d6 6. g3 e6 7. Bg2 Nge7 8. 0-0 0-0 9. Ne2 f5 10. Ng5 Rb8 11. c3 h6 12. Nh3 b5 13. Nf2 b4 14. g4 bxc3 15. bxc3 Kh7 16. Bd2 Bd7 17. h4 fxg4 18. Nxg4 e5 19. Ne3 Ng8 20. f5 Qxh4 21. Be1 Qg5 22. Bd2 Qh4 23. Be1 Qg5 24. Bd2 Qd8 25. fxg6+ Kxg6 26. Nf5 Nce7 27. Neg3 Nxf5 28. exf5+ Kh7 29. Qh5 Be8 30. Qh3 Nf6 31. Ne4 Nxe4 32. Bxe4 Qf6 33. Rf2 Bf7 34. Rg2 d5 35. Bg5 Qb6 36. f6+ dxe4 37. fxg7 Rg8 38. Rf1 Rxg7 39. Rf6 Qb1+ 40. Kh2 h5 41. Rxf7 Rxf7 42. Qxh5+ Kg8 43. Bf6+ 1-0

[Event "Novokuznetsk op"]
[Site "Novokuznetsk"]
[Date "2013.08.11"]
[Round "1"]
[White "Chernov, Mikhail"]
[Black "Chernyh, Pavel"]
[Result "1-0"]
[WhiteElo "2229"]
[BlackElo "1870"]
[PlyCount "53"]
[EventDate "2013.08.11"]
[EventType "swiss"]
[EventRounds "9"]
[EventCountry "RUS"]
[SourceTitle "CBM 156 Extra"]
[Source "ChessBase"]
[SourceDate "2013.10.22"]
[SourceVersion "1"]
[SourceVersionDate "2013.10.22"]
[SourceQuality "1"]

1. e4 c5 2. Nf3 d6 3. d4 cxd4 4. Nxd4 Nf6 5. Nc3 g6 6. Be3 Bg7 7. f3 Nc6 8. Qd2 a6 9. 0-0-0 Nxd4 10. Bxd4 Be6 11. Kb1 b5 12. g4 0-0 13. h4 h5 14. Bxf6 Bxf6 15. gxh5 gxh5 16. Qh6 Qb6 17. Bd3 Bd4 18. e5 f5 19. Qxe6+ Kh8 20. Qh6+ Kg8 21. Qg6+ Kh8 22. Nd5 Qa7 23. Bxf5 Rxf5 24. Qxf5 Bxe5 25. Rhg1 Bg7 26. Qg6 e6 27. Nf6 1-0

[Event "Novokuznetsk Siberia-ch"]
[Site "Novokuznetsk"]
[Date "2013.03.29"]
[Round "9"]
[White "Chernyh, Pavel"]
[Black "Bochkarev, Semen"]
[Result "0-1"]
[WhiteElo "1901"]
[BlackElo "1975"]
[PlyCount "114"]
[EventDate "2013.03.21"]
[EventType "swiss"]
[EventRounds "9"]
[EventCountry "RUS"]
[SourceTitle "CBM 153 Extra"]
[Source "ChessBase"]
[SourceDate "2013.04.22"]
[SourceVersion "1"]
[SourceVersionDate "2013.04.22"]
[SourceQuality "1"]

1. e4 c5 2. Nf3 d6 3. d4 cxd4 4. Nxd4 Nf6 5. Nc3 a6 6. Be2 e6 7. Be3 Be7 8. Qd2 Qc7 9. 0-0 Nbd7 10. f3 b6 11. Rac1 Bb7 12. Nb1 Rc8 13. c4 0-0 14. Nc3 Rfd8 15. b3 Qb8 16. Na4 Re8 17. Bd3 Bd8 18. Qf2 Bc7 19. Qh4 Ne5 20. Bb1 Ng6 21. Qh3 Qa7 22. Ne2 d5 23. Nac3 Qa8 24. exd5 exd5 25. Bd4 Be5 26. Bxe5 Rxe5 27. cxd5 Nxd5 28. Nxd5 Rxc1 29. Nf6+ gxf6 30. Nxc1 Qe8 31. Nd3 Re2 32. Qg3 Rd2 33. Re1 Qd8 34. Nf2 Kg7 35. h3 Qd4 36. Rf1 a5 37. Kh2 Ba6 38. Ne4 Bxf1 39. Nxd2 Qxd2 40. h4 Qf4 41. Kh3 Qxg3+ 42. Kxg3 Ne5 43. Be4 Bd3 44. Bd5 b5 45. Kf4 b4 46. Be4 Kf8 47. Ke3 Bxe4 48. Kxe4 Ke7 49. f4 Ng4 50. Kf3 f5 51. Ke2 Ke6 52. Kd3 Kd5 53. Kc2 Kd4 54. Kb2 h5 55. a3 Ne3 56. g3 Nf1 57. axb4 axb4 0-1

[Event "Novokuznetsk Siberia-ch"]
[Site "Novokuznetsk"]
[Date "2013.03.21"]
[Round "1"]
[White "Khanin, Semen"]
[Black "Chernyh, Pavel"]
[Result "1-0"]
[WhiteElo "2229"]
[BlackElo "1901"]
[PlyCount "57"]
[EventDate "2013.03.21"]
[EventType "swiss"]
[EventRounds "9"]
[EventCountry "RUS"]
[SourceTitle "CBM 153 Extra"]
[Source "ChessBase"]
[SourceDate "2013.04.22"]
[SourceVersion "1"]
[SourceVersionDate "2013.04.22"]
[SourceQuality "1"]

1. e4 c5 2. Nf3 d6 3. d4 cxd4 4. Nxd4 Nf6 5. Nc3 g6 6. Be3 Bg7 7. f3 0-0 8. Qd2 a6 9. 0-0-0 Nc6 10. g4 Nxd4 11. Bxd4 Be6 12. h4 Rc8 13. h5 Qa5 14. a3 h6 15. hxg6 fxg6 16. Rxh6 Bxh6 17. Qxh6 Kf7 18. Bxf6 Kxf6 19. Nd5+ Bxd5 20. g5+ Kf7 21. Qh7+ Ke8 22. exd5 Kd8 23. Bh3 Rc5 24. Qxg6 Rxd5 25. Qe6 Rxd1+ 26. Kxd1 Qc7 27. g6 Qc6 28. Bg4 d5 29. g7 1-0

[Event "Novokuznetsk-ch"]
[Site "Novokuznetsk"]
[Date "2012.12.01"]
[Round "4"]
[White "Nuzhdov, Vasiliy"]
[Black "Chernyh, Pavel"]
[Result "1-0"]
[WhiteElo "2008"]
[BlackElo "1924"]
[PlyCount "85"]
[EventDate "2012.11.18"]
[EventType "swiss"]
[EventRounds "9"]
[EventCountry "RUS"]
[SourceTitle "EXT 2014"]
[Source "ChessBase"]
[SourceDate "2013.11.20"]
[SourceVersion "1"]
[SourceVersionDate "2013.11.20"]
[SourceQuality "1"]

1. d4 Nf6 2. c4 c5 3. d5 d6 4. Nc3 g6 5. Nf3 Bg7 6. e4 0-0 7. Bd3 Na6 8. 0-0 Nb4 9. Bb1 e6 10. a3 Na6 11. Bg5 exd5 12. cxd5 h6 13. Bh4 g5 14. Bg3 Bg4 15. Nb5 Nxe4 16. Bxe4 f5 17. Bxf5 Rxf5 18. Nxd6 Rf6 19. Nc4 Nc7 20. d6 Ne8 21. Re1 Qd7 22. Re7 Qc6 23. d7 Rxf3 24. dxe8Q+ Rxe8 25. Rxe8+ Qxe8 26. gxf3 Be6 27. Qe2 Bf7 28. Qxe8+ Bxe8 29. Be5 Bf8 30. Rd1 Bc6 31. Rd8 Kf7 32. Bd6 Bxd6 33. Rxd6 Kg7 34. Ne5 Bb5 35. b3 Be2 36. Kg2 b5 37. Rc6 c4 38. bxc4 bxc4 39. Nxc4 g4 40. fxg4 Bxg4 41. Rc7+ Kf6 42. Rxa7 Be2 43. Ne3 1-0

[Event "Abaza op"]
[Site "Abaza"]
[Date "2012.07.25"]
[Round "5"]
[White "Tunik, Sergey"]
[Black "Chernyh, Pavel"]
[Result "1-0"]
[WhiteElo "2072"]
[BlackElo "1925"]
[PlyCount "61"]
[EventDate "2012.07.21"]
[EventType "swiss"]
[EventRounds "9"]
[EventCountry "RUS"]
[SourceTitle "CBM 149 Extra"]
[Source "ChessBase"]
[SourceDate "2012.08.24"]
[SourceVersion "1"]
[SourceVersionDate "2012.08.24"]
[SourceQuality "1"]

1. d4 Nf6 2. c4 c5 3. d5 d6 4. Nc3 g6 5. e4 Bg7 6. Nf3 0-0 7. Be2 Na6 8. 0-0 Bd7 9. Re1 Nc7 10. Bf1 a6 11. a4 Rb8 12. a5 b5 13. axb6 Rxb6 14. Ra2 e6 15. dxe6 fxe6 16. e5 Nfe8 17. Bg5 Qb8 18. exd6 Rxd6 19. Qc1 Rf7 20. Bf4 Rb6 21. Ne5 Re7 22. Ne4 Qc8 23. Bg5 Bxe5 24. Bxe7 Bd4 25. Bxc5 Bxc5 26. Nxc5 Bc6 27. Nxe6 Nxe6 28. Qe3 Rb8 29. Qxe6+ Qxe6 30. Rxe6 Bb7 31. Rb6 1-0

[Event "Abaza op"]
[Site "Abaza"]
[Date "2012.07.21"]
[Round "1"]
[White "Chernyh, Pavel"]
[Black "Shoev, Kirill"]
[Result "0-1"]
[WhiteElo "1925"]
[BlackElo "2258"]
[PlyCount "64"]
[EventDate "2012.07.21"]
[EventType "swiss"]
[EventRounds "9"]
[EventCountry "RUS"]
[SourceTitle "CBM 149 Extra"]
[Source "ChessBase"]
[SourceDate "2012.08.24"]
[SourceVersion "1"]
[SourceVersionDate "2012.08.24"]
[SourceQuality "1"]

1. e4 c5 2. Nf3 d6 3. d4 cxd4 4. Nxd4 Nf6 5. Nc3 a6 6. Be2 e5 7. Nb3 Be7 8. f3 Be6 9. Be3 Nbd7 10. Qd2 0-0 11. 0-0 b5 12. g4 Nb6 13. Na5 Rc8 14. Bd3 d5 15. exd5 Nfxd5 16. Nxd5 Nxd5 17. Nb3 Nxe3 18. Qxe3 Bxb3 19. Qe4 f5 20. gxf5 Bd5 21. Qxe5 Bf6 22. Qg3 Qb6+ 23. Kh1 Qc6 24. c3 Rfe8 25. Rae1 Rxe1 26. Rxe1 Bxf3+ 27. Kg1 Rd8 28. Bc2 Qc5+ 29. Kf1 Bd5 30. Qf4 Qc4+ 31. Qxc4 Bxc4+ 32. Kg1 Rd2 0-1

[Event "Abaza op"]
[Site "Abaza"]
[Date "2011.07.24"]
[Round "9"]
[White "Artemyev, Alexey"]
[Black "Chernyh, Pavel"]
[Result "1-0"]
[WhiteElo "2075"]
[BlackElo "1930"]
[PlyCount "55"]
[EventDate "2011.07.16"]
[EventType "swiss"]
[EventRounds "9"]
[EventCountry "RUS"]
[SourceTitle "EXT 2012"]
[Source "ChessBase"]
[SourceDate "2011.11.24"]
[SourceVersion "1"]
[SourceVersionDate "2011.11.24"]
[SourceQuality "1"]

1. d4 Nf6 2. c4 c5 3. d5 d6 4. Nc3 g6 5. e4 Bg7 6. f4 0-0 7. Be2 Na6 8. Nf3 Bd7 9. 0-0 Nc7 10. e5 Nfe8 11. Bd3 a6 12. Qe2 Rb8 13. a4 e6 14. Bd2 exd5 15. cxd5 b5 16. axb5 axb5 17. Ng5 Qe7 18. e6 fxe6 19. dxe6 Bc6 20. f5 c4 21. Bb1 b4 22. Nd1 d5 23. fxg6 hxg6 24. Rf7 Qc5+ 25. Kh1 c3 26. Bxg6 cxd2 27. Bh7+ Kh8 28. Qh5 1-0

[Event "Abaza op"]
[Site "Abaza"]
[Date "2011.07.23"]
[Round "8"]
[White "Chernyh, Pavel"]
[Black "Bugaev, AI."]
[Result "1-0"]
[WhiteElo "1930"]
[BlackElo "1956"]
[PlyCount "55"]
[EventDate "2011.07.16"]
[EventType "swiss"]
[EventRounds "9"]
[EventCountry "RUS"]
[SourceTitle "EXT 2012"]
[Source "ChessBase"]
[SourceDate "2011.11.24"]
[SourceVersion "1"]
[SourceVersionDate "2011.11.24"]
[SourceQuality "1"]

1. e4 c5 2. Nf3 Nc6 3. d4 cxd4 4. Nxd4 Nf6 5. f3 a6 6. c4 d6 7. Be3 g6 8. Nc3 Bd7 9. Qd2 Bg7 10. Be2 0-0 11. g4 Nxd4 12. Bxd4 Bc6 13. 0-0-0 Nd7 14. Be3 Qa5 15. Kb1 Bxc3 16. bxc3 Rfc8 17. h4 b5 18. h5 bxc4 19. hxg6 Qb5+ 20. Ka1 fxg6 21. Bd4 Rf8 22. Qh6 Rf7 23. Qxg6+ Kf8 24. Rxh7 Rxh7 25. Qxh7 Rb8 26. Bg7+ Kf7 27. Bh6+ Ke6 28. Bxc4+ 1-0

[Event "Abaza op"]
[Site "Abaza"]
[Date "2011.07.17"]
[Round "2"]
[White "Chernyh, Pavel"]
[Black "Priadun, Rudolf"]
[Result "1-0"]
[WhiteElo "1930"]
[BlackElo "2032"]
[PlyCount "61"]
[EventDate "2011.07.16"]
[EventType "swiss"]
[EventRounds "9"]
[EventCountry "RUS"]
[SourceTitle "EXT 2012"]
[Source "ChessBase"]
[SourceDate "2011.11.24"]
[SourceVersion "1"]
[SourceVersionDate "2011.11.24"]
[SourceQuality "1"]

1. e4 g6 2. d4 Bg7 3. c4 d6 4. Nc3 Nf6 5. f3 0-0 6. Be3 Nc6 7. Qd2 e6 8. Bg5 e5 9. d5 Ne7 10. g4 Kh8 11. h4 Nfg8 12. h5 f6 13. hxg6 Nxg6 14. Be3 Rf7 15. Nge2 Qf8 16. Ng3 Nf4 17. Nce2 Ng6 18. Rh5 Qe7 19. 0-0-0 Bd7 20. Kb1 b5 21. Nf5 Qe8 22. c5 dxc5 23. Bxc5 Bxf5 24. gxf5 Nf8 25. Nc3 a6 26. Qh2 h6 27. Be3 Kh7 28. Bd3 Nd7 29. Rh1 Qf8 30. Qg3 Ne7 31. Nd1 1-0

[Event "Novokuznetsk-ch"]
[Site "Novokuznetsk"]
[Date "2011.??.??"]
[Round "6"]
[White "Chernyh, Pavel"]
[Black "Shukan, Mikhail"]
[Result "0-1"]
[WhiteElo "1930"]
[BlackElo "2079"]
[PlyCount "82"]
[EventDate "2011.11.19"]
[EventType "swiss"]
[EventRounds "9"]
[EventCountry "RUS"]
[SourceTitle "EXT 2013"]
[Source "ChessBase"]
[SourceDate "2012.11.22"]
[SourceVersion "1"]
[SourceVersionDate "2012.11.22"]
[SourceQuality "1"]

1. e4 d5 2. exd5 Qxd5 3. c4 Qa5 4. Nc3 Nf6 5. Be2 c6 6. Nf3 Bf5 7. d3 e6 8. Bd2 Nbd7 9. 0-0 Qc7 10. h3 Bd6 11. Rc1 h6 12. a3 g5 13. Nd4 Bg6 14. b4 0-0-0 15. c5 Bf4 16. Ndb5 cxb5 17. Nxb5 Bxd2 18. Nxc7 Bxc1 19. Nb5 Bf4 20. Nxa7+ Kb8 21. Nb5 Ne5 22. d4 Nc6 23. Qa1 Ne4 24. Qb2 h5 25. g3 Bc7 26. Rd1 Bf5 27. Kg2 Nf6 28. Nxc7 Kxc7 29. b5 Ne7 30. b6+ Kb8 31. a4 Be4+ 32. f3 Bc6 33. a5 g4 34. h4 Rhg8 35. Kf2 gxf3 36. Bxf3 Bxf3 37. Kxf3 Nf5 38. Rg1 Nxd4+ 39. Kg2 Ne4 40. Kh3 Nf3 41. Rg2 Rd1 0-1

[Event "Novokuznetsk-ch op"]
[Site "Novokuznetsk"]
[Date "2010.11.28"]
[Round "5"]
[White "Leontiev, Oleg"]
[Black "Chernyh, Pavel"]
[Result "0-1"]
[WhiteElo "1783"]
[BlackElo "1938"]
[PlyCount "102"]
[EventDate "2010.11.14"]
[EventType "swiss"]
[EventRounds "9"]
[EventCountry "RUS"]
[SourceTitle "EXT 2022"]
[Source "ChessBase"]
[SourceDate "2021.10.06"]
[SourceVersion "1"]
[SourceVersionDate "2021.10.06"]
[SourceQuality "1"]

1. c4 Nf6 2. Nc3 c5 3. g3 g6 4. Bg2 Bg7 5. e3 Nc6 6. Nge2 0-0 7. 0-0 e5 8. f4 d6 9. d3 Bg4 10. h3 Be6 11. a3 a6 12. Bd2 Rb8 13. Rb1 Qd7 14. Kh2 b5 15. cxb5 axb5 16. b4 c4 17. dxc4 Bxc4 18. fxe5 dxe5 19. Qc1 Rfd8 20. Rd1 Ne7 21. e4 Nc6 22. Be3 Qe6 23. Rb2 Rxd1 24. Qxd1 Rd8 25. Rd2 Rxd2 26. Qxd2 Qd7 27. Nd5 Nxd5 28. exd5 Ne7 29. Nc3 Nf5 30. Bc5 Nd6 31. Nd1 f5 32. Ne3 Bb3 33. Qd3 Ba4 34. Qd2 h6 35. Bxd6 Qxd6 36. Nxf5 gxf5 37. Qc3 Bf8 38. Qc8 f4 39. Qg4+ Kh8 40. Be4 fxg3+ 41. Qxg3 Qf6 42. Kg2 Qg7 43. Qg4 Bd1 44. Qxg7+ Kxg7 45. Bd3 Ba4 46. Kf3 Kf7 47. Ke4 Kf6 48. h4 Bd6 49. Ke3 Bc7 50. Ke4 Bb6 51. Kf3 Bd4 0-1

[Event "Novokuznetsk-ch op"]
[Site "Novokuznetsk"]
[Date "2010.11.20"]
[Round "2"]
[White "Chernyh, Pavel"]
[Black "Shukan, Mikhail"]
[Result "1/2-1/2"]
[WhiteElo "1938"]
[BlackElo "2062"]
[PlyCount "134"]
[EventDate "2010.11.14"]
[EventType "swiss"]
[EventRounds "9"]
[EventCountry "RUS"]
[SourceTitle "EXT 2022"]
[Source "ChessBase"]
[SourceDate "2021.10.06"]
[SourceVersion "1"]
[SourceVersionDate "2021.10.06"]
[SourceQuality "1"]

1. e4 c6 2. d4 d5 3. e5 c5 4. Nf3 Bg4 5. Be2 Nc6 6. c3 e6 7. Nbd2 cxd4 8. cxd4 Bb4 9. 0-0 Nge7 10. Nb3 Nf5 11. h3 Bxf3 12. Bxf3 0-0 13. g4 Nfe7 14. a3 Ba5 15. Bg5 Bb6 16. Rc1 Qd7 17. Nc5 Bxc5 18. Rxc5 Rac8 19. Qd2 Nxe5 20. Be2 Rxc5 21. dxc5 h6 22. Bh4 N7g6 23. Bg3 Rd8 24. Rd1 d4 25. f4 Nc6 26. b4 Qd5 27. Qd3 Nge7 28. Bh4 g5 29. Bf3 Qd7 30. fxg5 Ng6 31. Bg3 hxg5 32. Be4 Nce5 33. Qf1 Kg7 34. Qf2 b6 35. Qh2 Nc6 36. Bd6 bxc5 37. bxc5 Nge7 38. Qf2 f5 39. Bf3 f4 40. h4 gxh4 41. Qxh4 Ng6 42. Qg5 Rc8 43. Be4 Qf7 44. Rxd4 Qf6 45. Qxf6+ Kxf6 46. Ra4 Kg5 47. Bxg6 Kxg6 48. Rxf4 Kg5 49. Re4 e5 50. Kg2 Re8 51. Kg3 Kf6 52. Ra4 Ke6 53. Kf3 Kd5 54. g5 Nd4+ 55. Kg4 e4 56. Rxa7 e3 57. g6 e2 58. Bg3 e1Q 59. Bxe1 Rxe1 60. Kg5 Ne6+ 61. Kf6 Nxc5 62. g7 Rf1+ 63. Kg6 Rg1+ 64. Kf7 Rf1+ 65. Ke7 Rg1 66. Kf7 Rf1+ 67. Kg8 Ne6 1/2-1/2